00416nam a2200157Ia 4500008004100000020001800041082000800059100001900067245005800086250000600144260003000150300001700180500002400197650001600221700002100237230524s9999 xx 000 0 und d a9788131200896 bAGA aAnant Agarwal  0aFoundation of Analog and Digital Electronics Circuits a1 aNew DelhibElsevierc2015 a"XVII,973p;" aQuantity Number: 1 aElectronics a Jeffrey H. Lang